书目信息 |
| 题名: |
城市道路照明工程设计
|
|
| 作者: | 李铁楠 主编 | |
| 分册: | ||
| 出版信息: | 北京 中国建筑工业出版社 2018.01 |
|
| 页数: | 137页 | |
| 开本: | 26cm | |
| 丛书名: | ||
| 单 册: | ||
| 中图分类: | TU113.6 | |
| 科图分类: | ||
| 主题词: | 建筑学:物理学 | |
| 电子资源: | ||
| ISBN: | 978-7-112-21358-0 | |
| 000 | 00613nam0 2200193 450 | |
| 001 | 1956980799 | |
| 005 | 20190306155131.91 | |
| 010 | @a978-7-112-21358-0@dCNY30.00 | |
| 100 | @a20190306d2018 km y0chiy0120 ea | |
| 101 | 0 | @achi |
| 102 | @aCN@b110000 | |
| 200 | 1 | @a城市道路照明工程设计@ACheng Shi Dao Lu Zhao Ming Gong Cheng She Ji@f李铁楠主编@FLi Tie Nan Zhu Bian |
| 210 | @a北京@c中国建筑工业出版社@d2018.01 | |
| 215 | @a137页@d26cm | |
| 606 | 0 | @a建筑学:物理学 |
| 690 | @aTU113.6@v4 | |
| 701 | 0 | @a李铁楠@ALi Tie Nan@4主编 |
| 801 | 0 | @aCN@b大连网信软件有限公司图书馆·11@c20190306 |
| 905 | @aZUCC@dTU113.6@eL274 | |
| 城市道路照明工程设计/李铁楠主编.-北京:中国建筑工业出版社,2018.01 |
| 137页;26cm |
| ISBN 978-7-112-21358-0:CNY30.00 |
| ● |
| 相关链接 |
|
|
|
正题名:城市道路照明工程设计
索取号:TU113.6/L274
 
预约/预借
| 序号 | 登录号 | 条形码 | 馆藏地/架位号 | 状态 | 备注 |
| 1 | 1306113 | 213061130 | 建筑库101/101建筑库 25排3列5层/ [索取号:TU113.6/L274] | 在馆 |